Ανατολική Μεσόγειος

Αποθηκεύτηκε σε:
Λεπτομέρειες βιβλιογραφικής εγγραφής
Κύριος συγγραφέας: Μελεάγρου, Ήβη, 1929-
Άλλοι συγγραφείς: Παπαλεοντίου, Λευτέρης (Επιμελητής έκδοσης)
Μορφή: Βιβλίο
Γλώσσα:Greek
Δημοσίευση: Λευκωσία : Αρμίδα, 2011
Σειρά:Κύπριοι συγγραφείς ; ; 2
Θέματα:
Ετικέτες: Προσθήκη ετικέτας
Δεν υπάρχουν, Καταχωρήστε ετικέτα πρώτοι!

MARC

LEADER 00000cam a2200000 i 4500
001 1/48434
008 140530s2011 gre d
020 |a 978-9963-620-97-5 
035 |l 10117827 
040 |a GR-MY-UA  |b gre  |e aacr 
041 0 |a gre 
082 0 |a 889.3  |2 (23) 
100 1 |a Μελεάγρου, Ήβη,   |d 1929- 
245 1 0 |a Ανατολική Μεσόγειος /  |c Ήβη Μελεάγρου ; επιμέλεια: Λευτέρης Παπαλεοντίου 
260 |a Λευκωσία :   |b Αρμίδα,   |c 2011 
300 |a 246 σ.;  |c 24 εκ. 
490 1 |a Κύπριοι συγγραφείς  |v ; 2 
650 0 0 |a Greek literature. 
650 0 0 |a Greek literature, Modern  |z Cyprus. 
700 1 |a Παπαλεοντίου, Λευτέρης.  |4 edt 
830 0 |a Κύπριοι συγγραφείς ;  |v ; 2 
852 |a INST  |b RHODES  |e 20140530  |h 889.3 ΜΕΛ  |p 005400036579  |q 005400036579  |t BK  |y 0 
901 |a BIBL4-2014-2 
909 |a Ρ  |b 183081 
922 |a 4ΕΛΗ 
970 |z 2014/05/30